1543 1589 1831 1541 1019 1118 1372 1717 1434 1808 1616 1942 1078 1731 1006 1891 1547 1448 1929 1024 1772 1271 1756 1440 1799 1487 1882 1192 1236 1966 1639 1792 1335 1564 1228 1211 1732 1144 1471 1677 1833 1683 1593 1674 1799 1071 1495 1625 1102 1094 1778 1331 1789 1996 1060 1528 1837 1607 1086 1258 1919 1324 1192 1245 1137 1626 1646 1424 1433 1693 1092 1386 1432 1358 1272 1405 1946 1606 1678 1432 1190 1731 1015 1270 1576 1941 1184 1598 1319 1136 1573 1783 1269 1656 1238 1763 1146 1265 1649 BCNSPRNW ULIB Ver.6.0+V

เปลี่ยนเป็นภาษาไทย

Change to English
 แสดงรายละเอียดบรรณานุกรม
  กลับหน้าหลัก

Brief Record : Get Marc (ISO 2709) : E-mail record : QR code < ปิดหน้าต่าง
LEADER : 00000nas 2200000uu 4500
001    13399123200
003     ULIB
008    020711s|||| th a 000 0 tha d
022    08582599
110    ชมรมควบคุมโรคติดเชื้อในโรงพยาบาลแห่งประเทศไทย
245    จุลสารชมรมควบคุมโรคติดเชื้อในโรงพยาบาลแห่งประเทศไทย /^cชมรมควบคุมโรคติดเชื้อในโรงพยาบาลแห่งประเทศไทย
260    กรุงเทพฯ :^bชมรมควบคุมโรคติดเชื้อในโรงพยาบาลแห่งประเทศไทย,^cม.ป.ป.
310    ^aรายสี่เดือน
850    ^aปีที่ 24 ฉบับที่ 1
945    ^p0^l0^i800930
999    ^aทศพร เกษรทอง
รายการนี้ยังไม่มีแท็ก
คุณยังไม่ได้ล็อกอิน คุณสามารถมีกิจกรรมร่วมกับเว็บไซต์ได้ แต่ต้องล็อกอินก่อน ::
  ล็อกอิน

รายการสื่อสารสนเทศ (วารสาร)

ดูแบบ: กล่อง รายการ
ARRIVED
ปีที่ 24 ฉบับที่ 1
สถานที่: ห้องสมุดวิทยาเขตนครสวรรค์ >วารสาร

BibComment


ยังไม่เคยถูกคอมเมนท์

คอมเมนท์ทรัพยากรรายการนี้
  คอมเมนท์: จุลสารชมรมควบคุมโ..


 Copyright 2026. Bcnsprnw @Library